00350nam a22001217a 4500082001400000100004700014245004300061250001200104260004400116300002300160526003700183650000800220 a355 bAID aCommittee of the Crops of Royal Engineers. aAide-memoire to the military sciences. a2nd ed. aLondonbJhon weale, high holborn.c1853 aviii, 544 p.bill. a0b0c0d355_000000000000000_AID aMCE